Annual highlights (Record no. 79583)

MARC details
000 -LEADER
fixed length control field 01194cab a22002535a 4500
001 - CONTROL NUMBER
control field L141777
008 - FIXED-LENGTH DATA ELEMENTS--GENERAL INFORMATION
fixed length control field 071220e20071215xxk f 000 0 eng d
035 ## - SYSTEM CONTROL NUMBER
System control number (Sirsi) u141777
041 0# - LANGUAGE CODE
Language code of text/sound track or separate title eng
100 1# - MAIN ENTRY--PERSONAL NAME
Personal name Murdoch, Sandi
245 00 - TITLE STATEMENT
Title Annual highlights
260 ## - PUBLICATION, DISTRIBUTION, ETC.
Date of publication, distribution, etc. 2007
490 ## - SERIES STATEMENT
Series statement Estates Gazette
Volume/sequential designation (0750) 15 December 2007, 106-107(2)
520 ## - SUMMARY, ETC.
Summary, etc. Provides a résumé of the most significant legal cases of 2007. Landmark rulings include that the decision that if a reviewed rent is not fixed by the review date, the landlord must serve notice if he wishes to preserve the right of recourse. It was decided that if a landlord fails to carry out prompt repairs, he can be unable to recover the cost of work from the tenant. It is important that a landlord bringing a claim for damages should provide evidence as to the diminution of value incurred. A number of other rulings are also considered.
590 ## - LOCAL NOTE (RLIN)
Local note KA
650 24 - SUBJECT ADDED ENTRY--TOPICAL TERM
Topical term or geographic name entry element COLE V DAVIS-GILBERT
650 24 - SUBJECT ADDED ENTRY--TOPICAL TERM
Topical term or geographic name entry element SIDDORN V PATEL
650 24 - SUBJECT ADDED ENTRY--TOPICAL TERM
Topical term or geographic name entry element THOMAS V KEN THOMAS
651 #4 - SUBJECT ADDED ENTRY--GEOGRAPHIC NAME
Geographic name United Kingdom
Chronological subdivision
690 ## - LOCAL SUBJECT ADDED ENTRY--TOPICAL TERM (OCLC, RLIN)
Topical term or geographic name as entry element PROPERTY-COMMERCIAL PROPERTY
690 ## - LOCAL SUBJECT ADDED ENTRY--TOPICAL TERM (OCLC, RLIN)
Topical term or geographic name as entry element PROPERTY-RESIDENTIAL PROPERTY
700 1# - ADDED ENTRY--PERSONAL NAME
Personal name Murdoch, John
942 ## - ADDED ENTRY ELEMENTS (KOHA)
Suppress in OPAC 0
Holdings
Withdrawn status Lost status Source of classification or shelving scheme Damaged status Not for loan Home library Current library Shelving location Date acquired Total Checkouts Full call number Barcode Date last seen Copy number Price effective from Koha item type
    Dewey Decimal Classification     London London Journal article 20/12/2007   L141777 141777-1001 06/08/2019 1 06/08/2019 Journal article